000 00748nam a22001937a 4500
005 20150923160842.0
008 080624t xxu||||| |||| 00| 0 hin d
010 _aHIN-46184
020 _c40.00
035 _aHN-27395
037 _bDBAD
040 _adpl
_bHN
082 _a181.499 / प्रेमनि
100 _aप्रेम निशिथ
245 _aउसी की यह शराबः
_cप्रेम निशिथ
_bओशो को समर्पित काव्य पुष्पांजलि /
260 _aनई दिल्ली
_bडायमंड कामिक्स
_c1999
300 _a112पृ.
_c23सेमी.
942 _cHN
_2ddc
_h181.499
_mप्रेमनि
999 _c13948
_d13948